000 00439nam a2200181Ia 4500
001 373
005 20260306140513.0
008 260306t2011||||xx |||||||||||||| ||spa||
041 _aESP
082 _a110
_bE14
100 _aEchevarría, Agustín
_eAUT
245 0 _aMetafísica leibniziana de la permisión del mal
260 _c2011
300 _a484 páginas :
_c24 cm.
650 _aGEN
654 _aCHU
942 _cLIB
_dJUS
_fJUS
_2ddc
_n
999 _c373
_d373